|
|
แสดงรายละเอียดบรรณานุกรม |
|
|
Brief Record
: Get Marc (ISO 2709)
: E-mail record
: |
|
|
| LEADER 00000nam 2200000uu 4500 | |||
| 001 210639 | |||
| 003 ULIBM | |||
| 008 020711s2557 th a 000 0 tha d | |||
| 020 978-616-91417-4-7 | |||
| 060 WE544 E56 2557 | |||
| 245 Encore rheumatology/^cบรรณาธิการ,นันทนา กสิตานนท์,ไพจิตร์ อัศวธนบดี,ปวีณา เชี่ยวชาญวิศวกิจ | |||
| 250 พิมพ์ครั้งที่ 1 | |||
| 260 กรุงเทพฯ :^bสมาคมรูมาติสซั่มแห่งประเทสไทย,^c2557 | |||
| 300 478 หน้า :^bภาพประกอบ ;^c26 ซม. | |||
| 650 รูมาติก | |||
| 650 0 รูมาติสซั่ม | |||
| 650 0 ข้อ^xโรค | |||
| 650 0 Rheumatic | |||
| 999 ^aใช้งานได้ทุกระบบ | |||
| คุณยังไม่ได้ล็อกอิน คุณสามารถมีกิจกรรมร่วมกับเว็บไซต์ได้ แต่ต้องล็อกอินก่อน :: |
|
| สถานะ | |||||||||
| 1. | การพยาบาล (ตำราหลัก) | WE544 E56 2557 c.1 | On Shelf ขอยืม | ||||||
| 2. | การพยาบาล (ตำราหลัก) | WE544 E56 2557 c.2 | On Shelf ขอยืม | ||||||
| 3. | การพยาบาล (ตำราหลัก) สถานะ=หนังสือเก่า - บริการ ณ ห้องสมุด (ห้องเหลือง) | WE544 E56 2557 c.3 | On Shelf ขอยืม | ||||||
| 4. | การพยาบาล (ตำราหลัก) | WE544 E56 2557 c.4 | On Shelf ขอยืม | ||||||
| 5. | การพยาบาล (ตำราหลัก) | WE544 E56 2557 c.5 | On Shelf ขอยืม | ||||||
| [แสดง 5/5 รายการ] | |||||||||
BibComment |
| คอมเมนท์ทรัพยากรรายการนี้ |
|
|